LEADER 02129nam 2200589Ia 450 001 9910450539403321 005 20200520144314.0 010 $a1-280-17595-8 010 $a9786610175956 010 $a0-309-54451-3 035 $a(CKB)1000000000017865 035 $a(EBL)3377810 035 $a(SSID)ssj0000283921 035 $a(PQKBManifestationID)11236696 035 $a(PQKBTitleCode)TC0000283921 035 $a(PQKBWorkID)10250609 035 $a(PQKB)11399278 035 $a(MiAaPQ)EBC3377810 035 $a(Au-PeEL)EBL3377810 035 $a(CaPaEBR)ebr10072138 035 $a(CaONFJC)MIL17595 035 $a(OCoLC)923273265 035 $a(EXLCZ)991000000000017865 100 $a20041006d2005 uy 0 101 0 $aeng 135 $aurcn||||||||| 181 $ctxt 182 $cc 183 $acr 200 10$aScaling up treatment for the global AIDS pandemic$b[electronic resource] $echallenges and opportunities /$fCommittee on Examining the Probable Consequences of Alternative Patterns of Widespread Antiretroviral Drug Use in Resource-Constrained Settings, Board on Global Health ; James Curran ... [et al.], editors 210 $aWashington, DC $cNational Academies Press$dc2005 215 $a1 online resource (344 p.) 300 $aDescription based upon print version of record. 311 $a0-309-09264-7 320 $aIncludes bibliographical references. 327 $aOpportunities and challenges -- Lessons learned -- Principles of scale-up -- Managing scale-up of antiretroviral therapy -- The path forward. 606 $aAIDS (Disease) 606 $aAIDS (Disease)$zDeveloping countries 606 $aAntiretroviral agents$zDeveloping countries 608 $aElectronic books. 615 0$aAIDS (Disease) 615 0$aAIDS (Disease) 615 0$aAntiretroviral agents 676 $a362.196/9792/0091724 701 $aCurran$b James W$0965399 801 0$bMiAaPQ 801 1$bMiAaPQ 801 2$bMiAaPQ 906 $aBOOK 912 $a9910450539403321 996 $aScaling up treatment for the global AIDS pandemic$92190331 997 $aUNINA LEADER 04468nam 2200721 450 001 996203179003316 005 20221206162701.0 010 $a1-280-27534-0 010 $a9786610275342 010 $a0-470-31551-2 010 $a0-471-71596-4 010 $a0-471-71595-6 024 7 $a10.1002/0471715964 035 $a(CKB)1000000000355318 035 $a(EBL)225810 035 $a(SSID)ssj0000153665 035 $a(PQKBManifestationID)11178377 035 $a(PQKBTitleCode)TC0000153665 035 $a(PQKBWorkID)10393281 035 $a(PQKB)10362205 035 $a(MiAaPQ)EBC225810 035 $a(CaBNVSL)mat05201877 035 $a(IDAMS)0b0000648104ae4a 035 $a(IEEE)5201877 035 $a(OCoLC)85820397 035 $a(EXLCZ)991000000000355318 100 $a20151221d2005 uy 101 0 $aeng 135 $aur|n|---||||| 181 $ctxt 182 $cc 183 $acr 200 10$aFatal exit $ethe automotive black box debate /$fThomas M. Kowalick 210 1$aPiscataway, New Jersey :$cIEEE Press,$dc2005. 210 2$a[Piscataqay, New Jersey] :$cIEEE Xplore,$d[2005] 215 $a1 online resource (501 p.) 300 $aDescription based upon print version of record. 311 $a0-471-69807-5 320 $aIncludes bibliographical references (p. 441-469) and index. 327 $aAcknowledgments. -- Foreword. -- Introduction. -- I. SYMPTOMS OF A PROBLEM. -- 1 Question Everything. -- 2 Nothing Happens for the First Time: 1969-1998. -- 3 Shifting Gears: April 1998-September 2002. -- 11. SAFETY DEBATE. -- 4 NHTSA Call for Comments: October 2002. -- 5 Things Are Further Away in the Dark: December 2002. -- 6 Blowin' the Horn: January 2003. -- 111. SOCIETAL I S S U E S. -- 7 Cruise Control: February 2003. -- 8 Turn Signals: February to March 2003. -- 9 Speed Bumps: March to November 2003. -- 10 Legal and Privacy Issues: 1999-2004. -- 11 Pros and Cons and Customers of Safety Data and NHTSA Rulemaking. -- 12 The Road Ahead: Automotive's Second Century. -- Glossary of Acronyms and Abbreviations. -- Glossary of Terms. -- Other Resources. -- Standards. -- Chronology. -- Notes. -- Bibliography. -- Index. 330 $aFATAL EXIT is the first and only book documenting the decades-long debate among the automotive industry, government regualtors, and safety and privacy advocates over what the public terms "automobile black boxes". The book briefly traces the history of the debate from 1974 to 2004, and then clearly presents opposing viewpoints for and against the widespread use of emerging Motor Vehicle Event Data Recorder (MVEDR) technology. The arguments are followed by proposals to proceed with developing and utilizing the technology in ways that are both effective and respectful of individual privacy. The reader of this book will be able to develop an informed opinion as to the usefulness of MVEDRs and thus contribute intelligently to the debate as the United States Congress considers legislation that mandates this technology. In the United States 220,935,000 registered owners of motor vehicles are becoming aware of black box technology through newspaper and magazine articles, and television news stories. Many understand that these boxes already exist in 40 million cars. Yet motorists still have many questions and concerns about widespread use of the technology. As the only book of its kind, written by an insider and expert on the subject, FATAL EXIT provides an invaluable resource for anyone interested in why these devices have caused such international controversy. 606 $aTraffic accidents$xResearch$zUnited States$xEquipment and supplies 606 $aAutomobiles$xCollision damage$zUnited States$vStatistics 606 $aAutomobiles$zUnited States$xSafety measures 606 $aAutomobile industry and trade$zUnited States 606 $aPrivacy, Right of$zUnited States 610 $aEvent data recorder 615 0$aTraffic accidents$xResearch$xEquipment and supplies. 615 0$aAutomobiles$xCollision damage 615 0$aAutomobiles$xSafety measures. 615 0$aAutomobile industry and trade 615 0$aPrivacy, Right of 676 $a363.12/565 676 $a363.12565 676 $a629.2826 700 $aKowalick$b Tom$0845521 801 0$bCaBNVSL 801 1$bCaBNVSL 801 2$bCaBNVSL 906 $aBOOK 912 $a996203179003316 996 $aFatal exit$91887690 997 $aUNISA LEADER 01330nam0-2200457---450 001 990007823510403321 005 20230831085414.0 010 $a88-87375-38-0 035 $a000782351 035 $aFED01000782351 035 $a(Aleph)000782351FED01 100 $a20030903d2002----km-y0itaa50------ba 101 0 $aita 102 $aIT 105 $aa-------001yy 200 1 $aRomagnano tra sette e ottocento$ecomunità, potere locale, risorse$fa cura di Franca Assante$gintroduzione di Giuseppe Cuomo 210 $aNapoli$cArte Tipografica$d2002 215 $a429 p.$cill.$d21 cm 610 0 $aRomagnano al monte 676 $a945.744 702 1$aAssante,$bFranca$f<1935- > 702 1$aCuomo,$bGiuseppe 801 0$aIT$bUNINA$gRICA$2UNIMARC 901 $aBK 912 $a990007823510403321 952 $aXI A 2647$b39629$fFSPBC 952 $aA-It 0566$bB.F.L.F. 48123$fILFGE 952 $aSEZ.NA B 2090$b13476$fFARBC 952 $aXI A 2765$b43087$fFSPBC 952 $aN03.740$b10254$fDECTS 952 $aASS945.744A$b17182$fDECBC 952 $aXXXI B 824$b568$fNAP02 952 $aDFT D65.2 ASSF 01$fFLFBC 959 $aFSPBC 959 $aILFGE 959 $aFARBC 959 $aDECTS 959 $aDECBC 959 $aNAP02 996 $aRomagnano tra sette e ottocento$9663211 997 $aUNINA